000 00947cam a2200289 a 4500
005 20260322212030.0
008 data
010 _a 95041635
020 _a0295974435 (alk. paper)
020 _a9780295974439 (alk. paper)
040 _aDLC
_cDLC
_dDLC
043 _an-us-wa
050 0 0 _aF889.3
_b.K56 1995
082 0 0 _a917.9704/43
_220
092 _a917.97 K56 1995
100 1 _aKirk, Ruth.
245 1 0 _aExploring Washington's past :
_ba road guide to history /
_cRuth Kirk & Carmela Alexander.
250 _aRev. ed.
260 _aSeattle :
_bUniversity of Washington Press,
_cc1995.
300 _axiii, 543 p. :
_bill., maps (some col.) ;
_c26 cm.
504 _aIncludes bibliographical references (p. 516-522) and index.
650 0 _aAutomobile travel
_zWashington (State)
_xGuidebooks.
651 0 _aWashington (State)
_xGuidebooks.
651 0 _aWashington (State)
_xHistory, Local.
700 1 _aAlexander, Carmela.
001 data
999 _c693
_d693